| 000 | 00448nam a2200181Ia 4500 | ||
|---|---|---|---|
| 001 | 22494 | ||
| 005 | 20260414150835.0 | ||
| 008 | 260414t2007||||xx |||||||||||||| ||spa|| | ||
| 041 | _aESP | ||
| 082 |
_a621.381958 _bA61 |
||
| 100 |
_aAngulo Usategui, José Ma. _eAUT |
||
| 245 | 0 |
_aElectrónica digital y microprogramable _b |
|
| 260 | _c2007 | ||
| 300 |
_a263 páginas : _ccm. |
||
| 650 | _aTCA | ||
| 654 | _aCET | ||
| 942 |
_cLIB _dJUS _fJUS _2ddc _n |
||
| 999 |
_c22494 _d22494 |
||